Марш из "Афинских развалин": переложение для фортепианно; Соната № 8. Патетическая; Эгмонт; Транскрипции и парафразы. Венецианская регата; Сочинения для фортепиано. Венгерская рапсодия; Транскрипции и парафразы. Баркарола; Сочинения для фортепиано. Сонет Петрарки; Сочинения для фортепиано. Утешения; Педагогическое собрание сочинений для фортепиано (классических и современных). На память Элизе; Венгерские танцы; Десять мазурок; Прелюдия и ноктюрн; Двенадцать этюдов; 15 двух-голосных инвенций

Detalles Bibliográficos
Autor Principal: Бетховен Л. В. Людвиг Ван
Outros autores: Лист Ф. Ференц, Брамс И. Иоганнес, Скрябин А. Н. Александр Николаевич, Бах И. С. Иоганн Себастьян, Рубинштейн А. Г. Антон Григорьевич
Idioma:ruso
Publicado: Москва, Музыкальный сектор, 1929
Copublished:Л. ван Бетховен. Соната № 8. Патетическая; Л. Бетховен. Эгмонт; Франц Лист. Транскрипции и парафразы. Венецианская регата; Франц Лист. Сочинения для фортепиано. Венгерская рапсодия; Ф. Лист. Транскрипции и парафразы. Баркарола; Ф. Лист. Сочинения для фортепиано. Сонет Петрарки; Франц Лист. Сочинения для фортепиано. Утешения; Л. Бетховен. Педагогическое собрание сочинений для фортепиано (классических и современных). На память Элизе; И. Брамс. Венгерские танцы; А. Скрябин. Десять мазурок; А. Скрябин. Прелюдия и ноктюрн; А. Скрябин. Двенадцать этюдов; И. С. Бах. 15 двух-голосных инвенций
Subjects:
Formato: MixedMaterials Partituras
KOHA link:https://koha.lib.tpu.ru/cgi-bin/koha/opac-detail.pl?biblionumber=362430

MARC

LEADER 00000ncc0a2200000 4500
001 362430
005 20250217143853.0
035 |a (RuTPU)RU\TPU\retro\19776 
090 |a 362430 
100 |a 20210726g19191934m||y0rusy50 ca 
101 0 |a rus 
102 |a RU 
105 |a g z 000yy 
125 |a zx 
181 0 |a d   |b a e  
182 0 |a n 
183 0 |a nc  |2 RDAcarrier 
200 1 |a Марш из "Афинских развалин"  |e переложение для фортепианно  |f Л. В. Бетховен  |g переложение А. Рубинштейна 
203 |a Музыка  |b визуальный  |b знаковый  |c непосредственный 
210 |a Москва  |c Музыкальный сектор  |d 1929 
215 |a 228 с. разд. паг. 
283 |a volume  |2 RDAcarrier 
316 |5 63413507: КР-6972  |a На титульных листах владельческая подпись: "А. Стромберг" 
316 |5 63413507: КР-6972  |a Конволют. Приплетено 13 книг 
317 |5 63413507: КР-6972  |a Поступил в НТБ в 2021 г. в дар от дочери ученого Э. А. Захаровой 
423 1 |t Соната № 8. Патетическая  |o соч. 13  |o Посвящается князю Карлу Лихновскому  |f Л. ван Бетховен 
423 1 |t Эгмонт  |o увертюра для фортепиано  |o соч. 84  |f Л. Бетховен  |c Москва  |n Музыкальный сектор  |d 1930 
423 1 |t Транскрипции и парафразы. Венецианская регата  |o из "Музыкальных вечеров " Россини  |o № 2  |f Франц Лист  |c Москва  |n Музыкальный сектор  |d 1929 
423 1 |t Сочинения для фортепиано. Венгерская рапсодия  |o № 2  |o (облегченное издание)  |f Франц Лист  |c Москва  |n Музыкальный сектор  |d 1928 
423 1 |t Транскрипции и парафразы. Баркарола  |o песня Ф. Шуберта  |f Ф. Лист  |e 2-е изд.  |c Москва  |n Гос. музыкальное изд-во  |d 1932 
423 1 |t Сочинения для фортепиано. Сонет Петрарки  |o № 123  |f Ф. Лист  |e 4-е изд.  |c Москва  |n Гос. музыкальное изд-во  |d 1932  |s Годы странствий. Год II. Италия 
423 1 |t Сочинения для фортепиано. Утешения  |o № 1-6, в одной тетр.  |f Франц Лист  |c Москва  |n Музыкальный сектор  |d 1925 
423 1 |t Педагогическое собрание сочинений для фортепиано (классических и современных). На память Элизе  |f Л. Бетховен  |c Москва  |n Музыкальный сектор  |d 1929 
423 1 |t Венгерские танцы  |o для фортепиано  |o в одном томе  |f И. Брамс  |g [ред.] Кризандер  |e 6-е изд.  |c Москва  |n Гос. музыкальное изд-во  |d 1934 
423 1 |t Десять мазурок  |o для фортепиано  |f А. Скрябин  |h Тетрадь 1  |c Москва  |n Гос. музыкальное изд-во  |d 1934 
423 1 |t Прелюдия и ноктюрн  |o для левой руки (фортепиано)  |o новое, исправленное издание  |f А. Скрябин  |c Москва  |n Гос. музыкальное изд-во  |d 1935 
423 1 |t Двенадцать этюдов  |o для [фортепиано]  |o в 2 тетрадях  |f А. Скрябин  |c Москва  |n Гос. музыкальное изд-во  |d 1919 
423 1 |t 15 двух-голосных инвенций  |o для фортепиано  |f И. С. Бах  |c Москва  |n Гос. музыкальное изд-во  |d 1924 
606 |a Фортепианная музыка  |7 ca  |8 rus  |2 stltpush  |3 (RuTPU)RU\TPU\subj\64145  |9 81067 
610 1 |a музыка 
610 1 |a нотные издания 
610 1 |a фортепиано 
610 1 |a Библиотека А. Г. Стромберга 
610 1 |a дары библиотеке 
610 1 |a владельческие подписи 
675 |a 786  |v 4 
700 1 |a Бетховен  |b Л. В.  |c немецкий композитор, пианист и дирижер  |f 1770-1827  |g Людвиг Ван  |3 (RuTPU)RU\TPU\pers\10151  |9 2197 
701 1 |a Лист  |b Ф.  |c венгерский композитор  |f 1811-1886  |g Ференц  |9 3579 
701 1 |a Брамс  |b И.  |c немецкий композитор  |f 1833-1897  |g Иоганнес  |9 3575 
701 1 |a Скрябин  |b А. Н.  |c русский композитор  |f 1872-1915  |g Александр Николаевич  |9 2442 
701 1 |a Бах  |b И. С.  |c немецкий композитор, органист, клавесинист  |f 1685-1750  |g Иоганн Себастьян  |9 389 
702 1 |a Рубинштейн  |b А. Г.  |c русский композитор  |f 1829-1894  |g Антон Григорьевич  |3 (RuTPU)RU\TPU\pers\11056  |4 010  |9 2431 
801 1 |a RU  |b 63413507  |c 20210726 
801 2 |a RU  |b 63413507  |c 20230821  |g RCR 
942 |c BK